ბათუმის შოთა რუსთაველის სახელმწიფო უნივერსიტეტის ბიბლიოთეკა

კომპლექსური ანალიზის საფუძვლები / (ბიბ.ჩანაწერი № 39393)

000 -ლიდერი
ფიქსირებული სიგრძის საკონტროლო ველი 01223nam a2200265Ia 4500
001 - საკონტროლო ნომერი
საკონტროლო ველი 5982
003 - საკონტროლო ნომრის იდენტიფიკატორი
საკონტროლო ველი GE_BSU
005 - ბოლო ოპერაციის თარიღი და დრო
საკონტროლო ველი 20191030163245.0
008 - ფიქსირებული სიგრძის მონაცემთა ელემენტები - ზოგადი ინფორმაცია
ფიქსირებული სიგრძის საკონტროლო ველი 181216s2012||||ge |||||||||||||| ||geo||
020 ## - წიგნის საერთაშორისო სტანდარტული ნომერი
International Standard Book Number 9789941178450
040 ## - კატალოგიზაციის წყარო
Transcribing agency GE_BSU
041 ## - ენის კოდი
Language code of text/sound track or separate title geo
080 ## - უნივერსალური ათობითი კლასიფიკაციის ინდექსი
Universal Decimal Classification number 517.53(075.8) მ-61
100 ## - მთავარი ჩანაწერი - პიროვნების სახელი
Personal name მეშველიანი, ზ.
9 (RLIN) 5116
245 ## - ცნობა სათაურის შესახებ
Title კომპლექსური ანალიზის საფუძვლები /
Statement of responsibility, etc ზ. მეშველიანი, შ. ახალაია, ნ. თოფურიძე ; რედ. ზურაბ მეშველიანი.
264 ## - წარმოების, გამოცემის, დისტრიბუციის და სხვა ცნობები
გამოცემის, წარმოების, დისტრიბუციის... ადგილი თბილისი :
გამოცემის, წარმოების, დისტრიბუციის... სახელწოდება უნივერსალი,
გამოცემის, წარმოების, დისტრიბუციის... თარიღი 2012.
300 ## - ფიზიკური აღწერა
Extent 175 გვ. ;
Other physical details 20 სმ.
504 ## - BIBLIOGRAPHY, ETC. NOTE
Bibliography, etc ბიბლიოგრ.: გვ. 172.
653 ## - INDEX TERM--UNCONTROLLED
Uncontrolled term კომპლექსური ცვლადის ფუნქციები;
653 ## - INDEX TERM--UNCONTROLLED
Uncontrolled term კომპლექსური რიცხვები;
700 ## - ADDED ENTRY--PERSONAL NAME
Personal name ახალაია, შ.
Relator term ავტორი
9 (RLIN) 5117
700 ## - ADDED ENTRY--PERSONAL NAME
Personal name თოფურიძე, ნ.
Relator term ავტორი
9 (RLIN) 5118
700 ## - ADDED ENTRY--PERSONAL NAME
Personal name მეშველიანი, ზ.
Relator term რედაქტორი
9 (RLIN) 5119
942 ## - ADDED ENTRY ELEMENTS (KOHA)
Koha item type წიგნი
Source of classification or shelving scheme
ეგზემპლარები
ჩამოწერის სტატუსი დაკარგული ეგზემპლარის სტატუსი კლასიფიკაციის წყარო ან თაროზე გაწყობის სქემა დაზიანების სტატუსი არ გაიცემა მუდმივი მდებარეობა (დაცვის ადგილი) ამჟამინდელი ადგილსამყოფელი თაროზე განთავსების ადგილი შეძენის თარიღი სრული შენახვის შიფრი შტრიხკოდი ბოლო ოპერაციის თარიღი ეგზემპლარის მიმდევრობითი ნომერი (კეტერი?) ფასის ძალაში შესვლის თარიღი ეგზემპლარის სახეობა
          ბათუმის შოთა რუსთაველის სახელმწიფო უნივერსიტეტის მთავარი ბიბლიოთეკა ბათუმის შოთა რუსთაველის სახელმწიფო უნივერსიტეტის მთავარი ბიბლიოთეკა წიგნსაცავი 2018-12-17 517.53(075.8) მ-61 6621 2018-12-17 6621 2018-12-17 წიგნი
          ბათუმის შოთა რუსთაველის სახელმწიფო უნივერსიტეტის მთავარი ბიბლიოთეკა ბათუმის შოთა რუსთაველის სახელმწიფო უნივერსიტეტის მთავარი ბიბლიოთეკა წიგნსაცავი 2018-12-17 517.53(075.8) მ-61 6622 2018-12-17 6622 2018-12-17 წიგნი
          ბათუმის შოთა რუსთაველის სახელმწიფო უნივერსიტეტის მთავარი ბიბლიოთეკა ბათუმის შოთა რუსთაველის სახელმწიფო უნივერსიტეტის მთავარი ბიბლიოთეკა წიგნსაცავი 2018-12-17 517.53(075.8) მ-61 6623 2018-12-17 6623 2018-12-17 წიგნი
          ბათუმის შოთა რუსთაველის სახელმწიფო უნივერსიტეტის მთავარი ბიბლიოთეკა ბათუმის შოთა რუსთაველის სახელმწიფო უნივერსიტეტის მთავარი ბიბლიოთეკა წიგნსაცავი 2018-12-17 517.53(075.8) მ-61 6624 2018-12-17 6624 2018-12-17 წიგნი
          ბათუმის შოთა რუსთაველის სახელმწიფო უნივერსიტეტის მთავარი ბიბლიოთეკა ბათუმის შოთა რუსთაველის სახელმწიფო უნივერსიტეტის მთავარი ბიბლიოთეკა წიგნსაცავი 2018-12-17 517.53(075.8) მ-61 6625 2018-12-17 6625 2018-12-17 წიგნი